000
00310nam a2200121Ia 4500
008
230303s9999 xx 000 0 und d
041
_a
eng
082
_a
621.3192`4 MUL
100
_a
MULLIN (RAY C.) SMITH (ROBERT L.)
245
_a
Electrical Wiring Commercial
260
_a
NEW YORK
_b
DELMAR H
365
_c
RS
999
_c
180043
_d
180043